[Event "Wch Blitz"]
[Site "Samarkand"]
[Date "2023.12.29"]
[Round "4"]
[White "Nepomniachtchi, Ian"]
[Black "Dardha, Daniel"]
[Result "1-0"]
[WhiteElo "2771"]
[BlackElo "2598"]
[PlyCount "73"]
[EventDate "2023.12.29"]
[EventType "swiss (blitz)"]
[EventRounds "21"]
[EventCountry "UZB"]
[SourceTitle "CB01_2024"]
[SourceDate "2024.01.03"]
[SourceVersion "1"]
[SourceVersionDate "2024.01.03"]
[SourceQuality "1"]

1. e4 e5 2. f4 d5 3. exd5 exf4 4. Nf3 Nf6 5. Bb5+ Nbd7 6. 0-0 Be7 7. c4 a6 8. Bxd7+ Bxd7 9. d4 b5 10. b3 bxc4 11. bxc4 Nh5 12. Ne5 g6 13. g4 fxg3 14. Nxf7 gxh2+ 15. Kxh2 Qb8 16. Qe2 Rf8 17. Bg5 Rxf7 18. Rxf7 Kxf7 19. Qxe7+ Kg8 20. Nd2 Bf5 21. Re1 Qb2 22. Qe5 Qc3 23. Be3 Rf8 24. Qxc7 Qd3 25. Qd6 Nf6 26. Kg1 Ng4 27. Qg3 Re8 28. Bf4 Rxe1+ 29. Qxe1 Kf7 30. Be5 g5 31. c5 Qc2 32. d6 Be6 33. Qe2 h5 34. Qf3+ Kg8 35. Qa8+ Kf7 36. Qb7+ Kg8 37. Qg7# 1-0

[Event "Wch Blitz"]
[Site "Samarkand"]
[Date "2023.12.29"]
[Round "1"]
[White "Rakhmanov, Alexander"]
[Black "Nepomniachtchi, Ian"]
[Result "1/2-1/2"]
[WhiteElo "2614"]
[BlackElo "2771"]
[PlyCount "98"]
[EventDate "2023.12.29"]
[EventType "swiss (blitz)"]
[EventRounds "21"]
[EventCountry "UZB"]
[SourceTitle "CB01_2024"]
[SourceDate "2024.01.03"]
[SourceVersion "1"]
[SourceVersionDate "2024.01.03"]
[SourceQuality "1"]

1. d4 Nf6 2. c4 g6 3. Nc3 d5 4. Nf3 Bg7 5. cxd5 Nxd5 6. Qa4+ Bd7 7. Qa3 Nxc3 8. bxc3 0-0 9. Bg5 Re8 10. e3 Bc6 11. Be2 Nd7 12. 0-0 b6 13. Rfd1 Bb7 14. Rac1 Nf6 15. h3 Qd6 16. Qb3 e6 17. Bf4 Qe7 18. c4 Red8 19. a4 c5 20. a5 cxd4 21. exd4 Nh5 22. Bg5 Bf6 23. Be3 Qc7 24. axb6 Qxb6 25. Qxb6 axb6 26. Ne5 Ng7 27. Ng4 Be7 28. d5 Bc5 29. Nf6+ Kh8 30. Bxc5 bxc5 31. g4 Ne8 32. Nxe8 Rxe8 33. dxe6 Rxe6 34. Bf1 Bc6 35. Ra1 Rae8 36. Ra5 Re5 37. Bg2 Bxg2 38. Kxg2 R8e6 39. Rd3 Kg7 40. Rf3 h5 41. Kg3 f6 42. Ra7+ Kh6 43. Rd3 Re4 44. Rdd7 hxg4 45. hxg4 Rxc4 46. f4 Rc3+ 47. Kf2 Rc2+ 48. Kf3 Rc3+ 49. Kf2 Rc2+ 1/2-1/2